| 000 | 00825nam a22002777a 4500 | ||
|---|---|---|---|
| 003 | OSt | ||
| 005 | 20140310182849.0 | ||
| 008 | 100702s2009 ph 000 0 eng | ||
| 010 | _a 2010338389 | ||
| 020 | _a9719466703 | ||
| 040 |
_aDLC _cDLC |
||
| 042 | _alcode | ||
| 050 | 0 | 0 |
_aPS 9993 _b.D211 2009 |
| 082 |
_2FIL 821 _bD211 2009 |
||
| 100 | 1 | _aDaoana, Carlomar Arcangel. | |
| 245 | 1 | 4 |
_aThe fashionista's book of enlightenment _bpoems _cDaoana, Carlomar Arcangel |
| 260 |
_aManila _bPublished and distributed by DBW+Designed by Words Co. _cc2009 |
||
| 300 |
_a65 p. _c23 cm. |
||
| 521 | _aHigh School to College Student | ||
| 526 | _c0L to 1700L | ||
| 541 | _j1 | ||
| 562 | _e1 | ||
| 906 |
_a7 _bcbc _corigode _d4 _encip _f20 _gy-gencatlg |
||
| 942 |
_2lcc _cBK _kFIL |
||
| 999 |
_c16972 _d16972 |
||